Film par affiche sans titre ni acteur - 3 - Statistiques

Statistiques générales
  • Ce quiz a été pris 51 fois
  • Le résultat moyen est 9 sur 16
Statistiques - réponses
Par images Réponse % Correct
SOS Fantômes
93%
Le grand bleu
80%
Le monde de Nemo
73%
Django unchained
65%
Le Discours d'un roi
60%
shutter island
58%
28 jours plus tard
53%
mad max fury road
53%
Ace Ventura en Afrique
50%
Conjuring, les dossiers Warren
48%
La famille Addams
48%
Le Jour d'après
48%
Men in Black 2
43%
Star Wars, épisode I : La Menace fantôme
35%
Boulevard de la mort
28%
Batman returns
23%
Aucun quiz correspondant
Distribution des résultats
% des personnes avec chaque résultat
Percentile par nombre de réponses
Votre historique - résultats
Vous n’avez pas pris ce quiz